K niektorým otázkam informačného zabezpečenia vnútropodnikového chozrasčotu v období prestavby hospodárskeho mechanizmu

Uložené v:
Podrobná bibliografia
Hlavný autor: Maděra, František
Ďalší autori: Kovalčíková, Antónia
Médium: Kapitola
Jazyk:Slovak
Tagy: Pridať tag
Žiadne tagy, Buďte prvý, kto otaguje tento záznam!

MARC

LEADER 00000naa$a2200000$$$4500
001 0108919
005 20240618121524.2
041 0 |a slo 
044 |a CZ 
245 1 0 |a K niektorým otázkam informačného zabezpečenia vnútropodnikového chozrasčotu v období prestavby hospodárskeho mechanizmu  |c František Maděra, Antónia Kovalčíková 
100 1 |a Maděra, František 
700 1 |a Kovalčíková, Antónia